Statistics for Most Populous Countries by Last Letter A-Z

Click here to take the quiz!

General Stats

  • This quiz has been taken 24 times
  • The average score is 14 of 18

Answer Stats

Population Country % Correct
A1.44 bilChina
100%
Q40.2 milIraq
100%
L213 milBrazil
95%
N221 milPakistan
95%
H165 milBangladesh
95%
O129 milMexico
91%
M97.3 milVietnam
91%
E65.3 milFrance
86%
D70.0 milThailand
86%
S110 milPhilippines
86%
T102 milEgypt
86%
Y84.3 milTurkey
82%
U33.0 milPeru
77%
K5.79 milDenmark
59%
G625 kLuxembourg
55%
R54.4 milMyanmar
55%
I20.3 milMali
41%
C10.8 milDominican Republic
27%

Score Distribution

Percentile by Number Answered

Percent of People with Each Score

Your Score History

You have not taken this quiz